| 000 | 00388nam a2200157Ia 4500 | ||
|---|---|---|---|
| 008 | 230516s9999 xx 000 0 und d | ||
| 041 | _aeng | ||
| 082 | _a615.4 | ||
| 245 | _aREGULATION OF PHARMACEUTICALS IN DEVELOPING CONTRIES | ||
| 260 |
_aDELHI _bC.B.S. PUBLISHERS & DISTRUTORS _c1991 |
||
| 300 | _a118 | ||
| 365 | _h15% | ||
| 500 | _aPB | ||
| 520 | _aREF | ||
| 650 | _aREFERENCE | ||
| 999 |
_c362550 _d362550 |
||